Guess The Zoomed In Flags - Statistics

General Stats
  • This quiz has been taken 107 times
  • The average score is 14 of 16
Answer Stats
Picture Answer % Correct
Mexico
97%
Sweden
97%
Chile
94%
Greece
94%
Jamaica
94%
Japan
94%
New Zealand
93%
Slovenia
93%
United Kingdom
93%
North Macedonia
92%
South Africa
90%
Kazakhstan
85%
Austria
84%
Peru
82%
Burundi
80%
Malawi
77%
No matching quizzes found
Score Distribution
Percent of People with Each Score
Percentile by Number Answered
Your Score History
You have not taken this quiz